Pays - Plus gros consommateurs de champagne - Statistiques

Statistiques générales
  • Ce quiz a été pris 198 fois
  • Le résultat moyen est 8 sur 10
Statistiques - réponses
Valeur du marché en Millions Réponse % Correct
501,8 Etats-Unis
99%
98,5 Chine
92%
167,3 Allemagne
88%
270,7 Japon
88%
338,2 Royaume-Uni
86%
146,7 Italie
85%
59,8 Espagne
84%
94,7 Suisse
73%
126 Australie
69%
142 Belgique
69%
Aucun quiz correspondant
Distribution des résultats
% des personnes avec chaque résultat
Percentile par nombre de réponses
Votre historique - résultats
Vous n’avez pas pris ce quiz